Представление документа в формате RUSMARC

Поле Инд. ПП Название Значение
Тип записи a
Библиографический уровень a
001 Контрольный номер 3e72d69d655b42b6afc8db98d3b9d9e4
005 Дата корректировки 20181126125532.5
100 a Данные общей обработки 20180921 ||| 0rusy0189 ca
101 0_ a Язык текста rus
102 a Страна публикации RU
200 1_ f Первые сведения об ответственности Е.В. Рябцева
a Заглавие Организационно-правовые особенности выявления нарушений антикоррупционного законодательства в судебной деятельности
b Общее обозначение материала Текст
210 1_ d Дата издания 2018
461 _0 1 2000
a Администратор суда
463 _0 1 2000
a № 3
v С. 45-58
1 2101
d 2018
1 001bdb0d0cd4b5e4347a72c170be56429d7
606 a Основная рубрика Правоохранительные и судебные органы
610 0_ a Ключевые слова СУДЕБНАЯ ВЛАСТЬ
a Ключевые слова ПРЕСТУПЛЕНИЕ ПРОФИЛАКТИКА
a Ключевые слова КОРРУПЦИЯ
a Ключевые слова КВАЛИФИКАЦИОННЫЕ КОЛЛЕГИИ СУДЕЙ
700 _1 a Фамилия Рябцева
b Имя Е.В.
801 _0 a Страна RU
b Организация РГУП
c Дата составления 20180921
g Правила каталогизации PSBO
801 _1 a Страна RU
b Организация РГУП
c Дата составления 20180921
g Правила каталогизации PSBO
901 t Тип документа b
w Контрольный № источника bdb0d0cd4b5e4347a72c170be56429d7
905 a Дата ввода 20180921